MARC

LEADER 00000nam0a2200000 4500
001 293458
005 20231102000608.0
035 |a (RuTPU)RU\TPU\book\318486 
090 |a 293458 
100 |a 20150430d1984 k y0rusy50 ca 
101 0 |a rus 
102 |a RU 
105 |a a z 001zy 
200 1 |a Совершенствование проектирования и производства горных работ с применением контурного взрывания  |f Академия наук СССР (АН СССР), Кольский филиал, Горный институт (ГоИ) ; под ред. М. А. Садовского 
210 |a Апатиты  |c Изд-во Кольского филиала АН СССР  |d 1984 
215 |a 116 с.  |c ил. 
320 |a Библиография в конце статей 
606 1 |a Взрыв по контуру  |2 stltpush  |3 (RuTPU)RU\TPU\subj\2370  |9 30948 
610 1 |a горные работы 
610 1 |a Кольский полуостров 
610 1 |a применение 
610 1 |a карьеры 
610 1 |a горные породы 
610 1 |a дробление 
610 1 |a исследование 
610 1 |a самоходное оборудование 
610 1 |a угольные шахты 
610 1 |a контурная проходка 
675 |a 622.235.67  |v 3 
702 1 |a Садовский  |b М. А.  |4 340 
712 0 2 |a Академия наук СССР (АН СССР)  |b Кольский филиал  |b Горный институт (ГоИ)  |c (Апатиты, Мурманская обл.)  |c (1972-1991)  |2 stltpush  |3 (RuTPU)RU\TPU\col\19364 
801 1 |a RU  |b 63413507  |c 20150430 
801 2 |a RU  |b 63413507  |c 20210317  |g RCR 
942 |c BK